000 00833cab a2200301 4500
001 ABS53779
008 090401t1995 xxu||||| |||| 00| 0 eng d
035 _a(Sirsi) u6557
041 _aeng
100 _aDavies, K.
245 _aClear waters?
260 _c1995
350 _a0
490 _aMortgage Finance
_v77(1555) October 1995, 32-33(2)
520 _aConsiders the position of lenders under the Environment Act 1995 with regard to contaminated land.
650 _aAPPROPRIATE PERSON
650 _aCONTAMINATED LAND
650 _aENVIRONMENT ACT 1995
650 _aENVIRONMENTAL PROTECTION ACT 1990
650 _aFINANCIAL INSTITUTIONS
650 _aLENDER LIABILITY
650 _aMORTGAGES
650 _aPROPERTY LENDING
650 _aRECEIVERS
690 _aLAND
942 _n0
948 _c04/03/1997
999 _c3923
_d3923